00921nas a2200229Ia 4500001001100000003000900011008004100020040001300061040001300074041001300087100006000100210001300160222001300173245006500186250001100251260002800262501008600290300001600376362003300392500020700425650005900632R652/49157IT-RoPAU151124c99999999xx |||||||||||| ||und|| aIT-RoPAU cIT-RoPAU aITALIANO aIvanov Vjaceslav VsevolodovicgCodice Aut. SPICS: 5284 aPROMETEO aPrometeo aPROMETEO, ANNO 03-N.10 (GIUGNO 1985)bArte Del Cervello (L') a1a ed. aMILANObMONDADORIc1985 bPaulus - SPICS - Società San Paolo EM (non-commercial uses only)cCopyright2015 a8 p. [6-13] aANNO 003, N.10 (GIUGNO 1985) aTra Semiotica e Neurofisiologia: le Strutture Binarie Limitano la VarietàDei Comportamenti Culturali. ma il Nostro "Calcolatore" Ha anche Un'Asimmetria Funzionale che è Alla Base della Creatività. aTELEVISIONE - RADIO - SCIENZEvPUBBLICAZIONE PERIODICA